banner-ar

COLLEECTION SCIENTIFIQUE GRAFFITI DE LA MONTAGE THEBAINE TOME 4\3 / (Record no. 17686)

MARC details
000 -الفاتح
حقل البيانات ثابتة الطول 00482nam a2200181Ia 4500
008 - عناصر البيانات ثابتة الطول - معلومات عامة
حقل البيانات ثابتة الطول 140319s9999 xx 000 0 eng d
040 ## - مصدر الفهرسة
وكالة الفهرسة الأصلية GCL /
وكالة النسخ GCL
082 04 - رقم تصنيف ديوى العشرى
رقم التصنيف CC
رقم المادة 050.941
-- S G
100 1# - المدخل الرئيسى - إسم شخصى
الإسم الشخصى SADEK, A.F.
245 10 - بيان العنوان
العنوان COLLEECTION SCIENTIFIQUE GRAFFITI DE LA MONTAGE THEBAINE TOME 4\3 /
بيان المسئوليه,etc SADEK, A.F.
260 ## - PUBLICATION, DISTRIBUTION, ETC. (IMPRINT)
تاريخ النشر أو التوزيع 1972
300 ## - الوصف المادى
التعداد 149-184 PP
650 04 - المدخل الاضافى بالموضوع-مصطلح موضوعى
مصطلح موضوعي EGYPTOLOGY
650 04 - المدخل الاضافى بالموضوع-مصطلح موضوعى
مصطلح موضوعي THEBES
650 04 - المدخل الاضافى بالموضوع-مصطلح موضوعى
مصطلح موضوعي COLLECTIONS
942 ## - عناصر المدخل الإضافي( كوها)
مصدر التصنيف او مخطط الترفيف Dewey Decimal Classification
Koha [default] item type كتاب
260 ## - PUBLICATION, DISTRIBUTION, ETC. (IMPRINT)
-- [S.N] :
-- CEDAE ،
Holdings
حالة التراجع حالة الفقد حالة تلف ليس للاعارة المكان المؤقت الموقع الحالى تاريخ الاكتساب اجمالي اﻻعارات رقم الطلب الباركود تاريخ اخر مشاهدة تاريخ تفعيل السعر نوع وعاء كوها
        مكتبة القاهرة الكبرى مكتبة القاهرة الكبرى 03/26/2014   CC\050.941\S G 31916 03/26/2014 03/26/2014 كتاب
        مكتبة القاهرة الكبرى مكتبة القاهرة الكبرى 03/26/2014   CC\050.941\S G 31917 03/26/2014 03/26/2014 كتاب
        مكتبة القاهرة الكبرى مكتبة القاهرة الكبرى 03/26/2014   CC\050.941\S G 31918 03/26/2014 03/26/2014 كتاب
        مكتبة القاهرة الكبرى مكتبة القاهرة الكبرى 03/26/2014   CC\050.941\S G 31919 03/26/2014 03/26/2014 كتاب
        مكتبة القاهرة الكبرى مكتبة القاهرة الكبرى 03/26/2014   CC\050.941\S G 31920 03/26/2014 03/26/2014 كتاب

Powered By

EGPV